Statistics for English Idioms Quiz #2

Click here to take the quiz!

General Stats

  • This quiz has been taken 55,415 times
    (55,361 since last reset)
  • The average score is 20 of 30

Answer Stats

Idiom % Correct
Caught red-{handed}
99%
The boy who cried {wolf}
92%
Every trick in the {book}
92%
The writing on the {wall}
88%
Too close for {comfort}
88%
Take with a grain of {salt}
88%
Play {devil}'s advocate
86%
{Jack} of all trades
85%
Make a {mountain} out of a molehill
82%
Mum's the {word}
77%
More bang for the {buck}
76%
Straw that broke the {camel}'s back
76%
By the {skin} of one's teeth
75%
Too hot to {handle}
75%
A {double} whammy
72%
Lo and {behold}
72%
Reinvent the {wheel}
66%
School of hard {knocks}
62%
Five-{finger} discount
62%
In one fell {swoop}
61%
How do you like them {apples}
57%
Three sheets to the {wind}
55%
On a wing and a {prayer}
54%
Treat with kid {gloves}
44%
{Exception} that proves the rule
42%
Fiddle while {Rome} burns
40%
Tempest in a {teapot}
29%
Wither on the {vine}
26%
Damn with faint {praise}
18%
Will it {play} in Peoria?
11%

Score Distribution

Percentile by Number Answered

Percent of People with Each Score

Your Score History

You have not taken this quiz since the last reset